000 00830cam a2200265 a 4500
001 3978479
003 OSt
005 20180920183019.0
008 950328s1996 nyua 001 0 eng
010 _a 95014740
020 _a0070549508
040 _aDLC
_cDLC
_dDLC
050 0 0 _aHF1411
_b.S24 1996
082 0 0 _a337
_220
_bSAL 1996
100 1 _aSalvatore, Dominick.
_97686
245 1 0 _aSchaum's Outline of Theory and Problems of International Economics
250 _a4th ed.
260 _aNew York :
_bMcGraw-Hill,
_c1996.
300 _aviii, 276 p. :
_bill. ;
_c28 cm.
504 _aIncludes index.
650 0 _aInternational economic
_97834
856 4 2 _3Publisher description
_uhttp://www.loc.gov/catdir/description/mh031/95014740.html
906 _a7
_bcbc
_corignew
_d1
_eocip
_f19
_gy-gencatlg
942 _2ddc
_cSLOAN
999 _c3508
_d3508